Historical & Present Figures by Hint and Picture #1 - Statistics

General Stats
  • This quiz has been taken 38 times
  • The average score is 14 of 16
Answer Stats
Picture Hint Answer % Correct
US President during the Civil War Abraham Lincoln
100%
Rapper nicknamed "Slim Shady" one of the best selling rapper/artists of all time Eminem
100%
Composer of Fur Elise and Moonlight Sonata Ludwig Van Beethoven
100%
Singer who took the world by storm with her 2024 Eras Tour Taylor Swift
100%
Animator who built the largest theme park in the world Walt Disney
100%
Known for the theory of Evolution and wrote "Origin of Species" Charles Darwin
97%
First US President and founding father George Washington
97%
Polymath who painted the Mona Lisa Leonardo Da Vinci
97%
Actor and wrestler also known by his ring name Dwayne Johnson
94%
Polymath and Mathmetician. Discovered the Laws of Motion and Gravity Isaac Newton
94%
Civil Rights Activist who gave the "I Have A Dream" speech Martin Luther King Jr
94%
Inventor of the Light Bulb Thomas Edison
94%
Singer and songwriter who was the lead singer of Nirvana Kurt Cobain
88%
Director of some of the biggest blockbusters in film history Steven Spielberg
85%
26th US President known for his energetic personality Theodore Roosevelt
85%
Anchient Egyptian architect who designed the first pyramid Imhotep
24%
No matching quizzes found
Score Distribution
Percent of People with Each Score
Percentile by Number Answered
Your Score History
You have not taken this quiz